=LDR 00000nam 2200000 4500 =001 INLIS000000000017461 =005 20130612112651 =008 ***********************************Ind** =035 ##$$0010-061300000017461 =041 ##$$a Ind =082 ##$$a 641.3 =090 ##$$a 641.3, Eis m =100 ##$$a Eisenberg, Arlene =245 ##$$a Makanan, apa yang anda butuhkan selama kehamilan, Arlene Eisenberg ; alihbahasa, Maria Phan Ju Dan =260 ##$$a 1999 $b Jakarta =300 ##$$a xii, 297 hlm, 23 cm =650 ##$$a Makanan =700 ##$$a Phan Ju lan, Maria =850 ##$$a NBPNMAT